| 000 | 00689nam a2200181Ia 4500 | ||
|---|---|---|---|
| 008 | 100921s9999 xx 000 0 und d | ||
| 082 |
_b28831 _a294.53 थ 75 |
||
| 100 | _aस्वामी सत्यानंद. | ||
| 245 | _aअमृतवाणी. | ||
| 260 |
_bस्वामी सत्यानंद धर्मार्थ ट्रस्ट,दिल्ली. _c1975 |
||
| 300 |
_a31 _b--- |
||
| 365 | _b0 | ||
| 520 | _aधर्म-पूजा-स्तेात्रे-भजन. | ||
| 630 | _aअमृतवाणी. | ||
| 650 | _aधर्म-पूजा-स्तेात्रे-भजन. | ||
| 730 | _aअमृतवाणी. | ||
| 942 | _cBOOK | ||
| 999 |
_c777944 _d777941 |
||